| 000 | 00850nam0a22002291 4500 | ||
|---|---|---|---|
| 001 | rc\538915 | ||
| 005 | 20260407094437.0 | ||
| 035 | _a(NLR Aleph) 005775964 | ||
| 090 |
_a5077519 _c5077519 |
||
| 100 | _a20030616d1988 |||y0rusy50 ca | ||
| 101 | 0 | _arus | |
| 102 | _aRU | ||
| 105 | _aa ||||||||| | ||
| 200 | 1 |
_aТехнология уборки и переработки льняной соломы в рулонах _e(Рекомендации) _fВНИИ льна, НИИ пром-сти первич. обраб. лубяных волокон |
|
| 210 |
_aТоржок _cВНИИЛ _aМинск _cНИИПОЛВ _d1988 |
||
| 215 |
_a13, [2] с. _cил. _d20 |
||
| 712 | 0 | 2 |
_aВНИИ льна _cТоржок _3RU\NLR\AUTH\889919779 _9335793 |
| 801 | 0 |
_aRU _bNLR _gpsbo |
|
| 801 | 1 |
_aRU _bELAR _2rusmarc |
|
| 852 |
_aNLR _j89-4/3520 |
||
| 942 | _cBOOK | ||
| 980 | _aNB | ||